|
|
|
|
| LEADER |
00000nas a2200000 4500 |
| 001 |
ssj0003434 |
| 003 |
WaSeSS |
| 005 |
20200512172242.0 |
| 006 |
m d |
| 007 |
cr n |
| 008 |
780512c19789999ilubx p s 0 a0eng c |
| 010 |
|
|
|a 78648278
|
| 015 |
|
|
|a 016696182
|2 dnb
|
| 016 |
7 |
|
|a 016696182
|2 DE-101
|
| 016 |
7 |
|
|a 1140815-7
|2 DE-600
|
| 016 |
7 |
|
|a 100941328
|2 DNLM
|
| 016 |
7 |
|
|a AA10533059
|2 JP-ToKJK
|
| 016 |
|
|
|a (AMICUS)000000786675
|
| 016 |
7 |
|
|a 008546084
|2 Uk
|
| 019 |
|
|
|a 4607791
|a 731490502
|a 948597776
|a 1011752816
|a 1032847941
|a 1052663521
|a 1063358147
|
| 022 |
|
|
|l 0163-5506
|y 0163-5506
|
| 032 |
|
|
|a 724990
|b USPS
|
| 035 |
|
|
|a (WaSeSS)ssj0003434
|
| 037 |
|
|
|b PLA, 50 E. Huron St., Chicago, IL 60611
|
| 040 |
|
|
|a YGM
|b eng
|c YGM
|d MUL
|d PIT
|d MUL
|d DLC
|d NSD
|d OCL
|d DLC
|d NST
|d AIP
|d NSD
|d NST
|d NSD
|d NST
|d OCL
|d NST
|d NSD
|d NST
|d NSD
|d WAU
|d NLM
|d OCLCQ
|d B2Q
|d OSU
|d OCLCQ
|d GBVCP
|d GK8
|d CUS
|d OCLCQ
|d OCLCF
|d OCLCO
|d FC@
|d GRR
|d OCLCO
|d NLC
|d OCLCQ
|d MSL
|d UKMGB
|d WaSeSS
|
| 042 |
|
|
|a pcc
|a nsdp
|
| 043 |
|
|
|a n-us---
|
| 050 |
0 |
0 |
|a Z731
|b .P932
|
| 082 |
0 |
4 |
|a 027.4/73
|
| 210 |
0 |
|
|a Public libr.
|
| 222 |
|
0 |
|a Public libraries
|
| 245 |
0 |
0 |
|a Public libraries
|h [electronic resource].
|
| 260 |
|
|
|a [Chicago, IL, etc.],
|b [Public Library Association]
|
| 310 |
|
|
|a Six no. a year,
|b <July/Aug. 1989->
|
| 321 |
|
|
|a Quarterly,
|b <1978->
|
| 362 |
0 |
|
|a v. 17- spring 1978-
|
| 506 |
|
|
|a License restrictions may limit access.
|
| 525 |
|
|
|a Some issues accompanied by supplements.
|
| 550 |
|
|
|a "Official publication of the Public Library Association."
|
| 650 |
|
0 |
|a Public libraries
|z United States
|v Periodicals.
|
| 650 |
|
7 |
|a Public libraries.
|2 fast
|0 (OCoLC)fst01082640
|
| 650 |
|
6 |
|a Bibliothèques publiques
|z États-Unis
|v Périodiques.
|
| 651 |
|
7 |
|a United States.
|2 fast
|0 (OCoLC)fst01204155
|
| 655 |
|
0 |
|a Electronic journals.
|
| 710 |
2 |
|
|a Public Library Association.
|
| 780 |
0 |
0 |
|a Public Library Association.
|t PLA newsletter
|x 0022-6998
|w (DLC) 75040173
|w (OCoLC)1798117
|
| 850 |
|
|
|a AU
|a ArU
|a DLC
|a DeU
|a FU
|a GAT
|a ICU
|a In
|a InU
|a KyU
|a MB
|a MMeT
|a MdU
|a MiD
|a MnU
|a MoKL
|a MsSM
|a NcU
|a OkU
|a ScU
|a T
|a TxLT
|a Vi
|a ViW
|a WyU
|
| 856 |
4 |
0 |
|z Full text available from Research Library: 11/01/2003 to present
|u https://search.proquest.com/publication/37744
|